Literature and the American college ; essays in defense of the humanities /

Bibliographic Details
Main Author: Babbitt, Irving, 1865-1933
Format: Book
Language:English
Published: Boston, New York : Houghton, Mifflin, 1908.
Subjects:

MARC

Tag First Indicator Second Indicator Subfields
LEADER 00000cam a2200000 4500
001 in00000028387
005 20151007061422.0
008 760512s1908 mau 00010 engm
010 |a  08008540  
035 |a (OCoLC)02172833 
035 |9 AAD2030AM 
040 |a DLC  |c CIN  |d CIN  |d TXA  |d UtOrBLW 
049 |a TXAM  |c [406] 
050 0 |a LC1011  |b .B2 
092 |a 807  |b B11 
100 1 |a Babbitt, Irving,  |d 1865-1933. 
245 1 0 |a Literature and the American college ;  |b essays in defense of the humanities /  |c by Irving Babbitt. 
264 1 |a Boston,  |a New York :  |b Houghton, Mifflin,  |c 1908. 
300 |a vii, 1 unnumbered page, 1 ., 262 pages, 2 unnumbered pages ;  |c 19 cm. 
336 |a text  |b txt  |2 rdacontent 
337 |a unmediated  |b n  |2 rdamedia 
338 |a volume  |b nc  |2 rdacarrier 
500 |a Partly reprinted from various periodicals. 
505 0 |a What is humanism?--Two types of humanitarians: Bacon and Rousseau.--The college and the democratic spirit.--Literature and the college.--Literature and the doctor's degree.--The rational study of the classics.--Ancients and moderns.--On being original.--Academic leisure. 
650 0 |a Universities and colleges  |z United States. 
650 0 |a Literature  |x Study and teaching. 
999 |a MARS 
999 f f |s fc9f66d7-7a28-3152-86ad-0165fafd8d43  |i 26e657a1-9f46-3637-9d2f-11d94f5b41b5  |t 0 
952 f f |p normal  |a Texas A&M University  |b College Station  |c Sterling C. Evans Library  |d Evans: Library Stacks  |t 0  |e LC1011 .B2  |h Library of Congress classification  |i unmediated -- volume  |m A14801191746 
998 f f |a LC1011 .B2  |t 0  |l Evans: Library Stacks